000 01298nam a2200325 c 4500
003 BLK
005 20180422115609.0
008 180411b bul|||||r ||||||| ||bul||
010 _aKNG00197519000
040 _aBLK
041 _aBUL
_cBUL
_hENG
080 _aМатематика
_b51
_x
_z51
100 1 _aХонсбъргър, Рос
_eпърви автор
_9137485
700 1 _aДимовски, Иван
_eпрев. от англ.
_9368581
139 _aХонсбъргър, Рос
_bХ 64
245 1 0 _aОстроумието в математиката
_bНауч.-попул. четиво
_cРос Хонсбъргър; прев. от англ. Иван Димовски.
257 _aBGR
260 София
_bНаука и изкуство
_c1982
_fЯмбол : Г. Димитров
300 _a220 с.
_bс черт.
_c17 см
380 _a5
500 _aОриг. загл. Ingennity in mathematics.- Библиогр. с. 216-217 и след отд. гл
650 4 _aМатематика
_9161297
653 _aматематика
653 _aнаучно-популярни книги
852 _aЦб І 19813
856 4 _qpdf
_u
856 4 _qpdf
_u
942 _cKNG
_n0
944 _aCR
_c06.12.2016
_kХристина_Везирева
944 _aED
_c06.12.2016
_kХристина_Везирева
999 _c188501
_d188501